| 000 | 00684cam a22002173a 4500 | ||
|---|---|---|---|
| 001 | 44646 | ||
| 003 | PGUSA | ||
| 005 | 20140828084023.0 | ||
| 008 | 140112s2014||||xxu|||||s|||||000 | eng d | ||
| 040 |
_aPGUSA _beng |
||
| 042 | _adc | ||
| 100 | 1 |
_aDino, Dorothée, duchesse de, _d1793-1862 |
|
| 245 | 1 | 0 |
_aMemoirs of the Duchesse de Dino v.2/3, 1836-1840 : _bSecond Series _h[electronic resource] / _cDorothée, duchesse de Dino |
| 260 |
_bProject Gutenberg, _c2014 |
||
| 506 | _aPublic domain in the USA. | ||
| 516 | _aElectronic text | ||
| 700 | 1 | _aRadziwill, The Princesse | |
| 830 | 0 |
_aProject Gutenberg _v44646 |
|
| 856 | 4 | 0 | _uhttp://www.gutenberg.org/ebooks/44646 |
| 942 | _cEB | ||
| 999 |
_c273897 _d273897 |
||